Österreich nach Buchstabe - N - Statistiken

Allgemein
  • Dieses Quiz wurde 55 mal gespielt
  • Das Durchschnittsergebnis liegt bei 10 aus 20
Antwortstatistiken
Hinweis Antwort % Korrekt
Bundesland, das die Hauptstadt umgibt Niederösterreich
100%
Speise in diversen Varianten (Eier-, Gries-, Salzburger) Nockerl
90%
"I werd ________" (Edi Finger Jr.) Narrisch
85%
See an der Grenze zu Ungarn, mit dem Seewinkel ein Nationalpark Neusiedler See
80%
26. Oktober Nationalfeiertag
78%
Größter Markt in Wien Naschmarkt
71%
Abgeordnetenkammer des Parlaments Nationalrat
63%
Blumenfest das jährlich im Ausseerland stattfindet Narzissenfest
56%
Größtes Skigebiet Kärntens Nassfeld
46%
Vielfach ausgezeichneter Kabarettist, der seit 2019 Eigentümer des Kabarett Simpl ist Niavarani
46%
Jährliches Musikfestival in Nickelsdorf Nova Rock
46%
Dramatiker ("Der Talisman", "Einen Jux will er sich machen") Nestroy
37%
Wiener Bezirk mit Museumsquartier und Volkstheater Neubau
37%
Teil der Gurktaler Alpen Nockberge
29%
Rekordmeister der Fußball-Bundesliga der Frauen Neulengbach
27%
Umgangssprachlich für die älteste psychiatrische Klinik in Wien Narrenturm
24%
Skandal um illegale Waffenlieferungen im Ersten Golfkrieg, wo beide Kriegsparteien von der gleichen Firma beliefert wurden Noricum-Skandal
24%
In dieser steirischen Gemeinde befindet sich das Jagdschloss Mürzsteg, das dem Bundespräsident als Zweitamtssitz dient Neuberg
20%
Dreifacher Skiweltmeister (1989, 1991), der 1991 tödlich verunglückte Nierlich
20%
Tiroler Volksheilige aus Rattenberg Notburga
15%
Keine übereinstimmenden Quizze gefunden
Verteilung der Resultate
Anzahl Personen mit jedem Resultat
Perzentil nach korrekt beantworteten Fragen
Ihre Resultats-Entwicklung
Sie haben dieses Quiz noch nicht gespielt